[Event "Pribina - TPK Cup   Mistrovství ÈR junio"]
[Site "Havlíèkùv Brod - hotel Slunce"]
[Date "2012.11.26"]
[Round "2.1"]
[White "Ptáèek, Tomáš"]
[Black "Kraus, Tomáš"]
[Result "0-1"]
[WhiteElo "2007"]
[BlackElo "2290"]
[PlyCount "64"]
[EventDate "2012.11.25"]

1. d4 c5 2. e3 Nf6 3. Nf3 e6 4. Bd3 b6 5. Nbd2 Bb7 6. O-O Nc6 7. c3 Qc7 8. e4
cxd4 9. Nxd4 Be7 10. Qe2 O-O 11. N2f3 g6 12. e5 Nh5 13. Bh6 Rfe8 14. Nb5 Qb8
15. Rad1 a6 16. Nd6 Nxe5 17. Nxe8 Nxf3+ 18. gxf3 Qxe8 19. Be4 d5 20. Bb1 Bd6
21. Rd4 Qe7 22. Rg4 f5 23. Bg5 Qf7 24. Rg2 Nf4 25. Bxf4 Bxf4 26. Qd3 Qf6 27.
Rd1 Rd8 28. Kh1 Kg7 29. Rgg1 Kh6 30. Qf1 Qh4 31. Qg2 d4 32. Bd3 Bxf3 0-1

[Event "Pribina - TPK Cup   Mistrovství ÈR junio"]
[Site "Havlíèkùv Brod - hotel Slunce"]
[Date "2012.11.26"]
[Round "2.2"]
[White "Hrdina, Robin"]
[Black "Janèaøík, Joel"]
[Result "1/2-1/2"]
[WhiteElo "2007"]
[BlackElo "2242"]
[PlyCount "66"]
[EventDate "2012.11.25"]

1. e4 c5 2. Nf3 d6 3. d4 cxd4 4. Qxd4 Nc6 5. Bb5 Bd7 6. Bxc6 Bxc6 7. Nc3 Nf6 8.
Bg5 e6 9. O-O-O Be7 10. Qd3 Qa5 11. Bf4 O-O 12. Nd4 Rfd8 13. f3 Rac8 14. g4 d5
15. e5 Nd7 16. Kb1 a6 17. h4 b5 18. g5 b4 19. Nce2 Bb5 20. Qd2 Qc7 21. h5 Nxe5
22. Bxe5 Qxe5 23. f4 Qd6 24. g6 fxg6 25. hxg6 h6 26. Nxb5 axb5 27. Nd4 Rf8 28.
Rdf1 e5 29. fxe5 Rxf1+ 30. Rxf1 Qxg6 31. Nf5 Bg5 32. Qxd5+ Kh8 33. e6 Re8
1/2-1/2

[Event "Pribina - TPK Cup   Mistrovství ÈR junio"]
[Site "Havlíèkùv Brod - hotel Slunce"]
[Date "2012.11.26"]
[Round "2.3"]
[White "Braun, Marek"]
[Black "Malèánek, Jan"]
[Result "1/2-1/2"]
[WhiteElo "2232"]
[BlackElo "1991"]
[PlyCount "65"]
[EventDate "2012.11.25"]

1. d4 Nf6 2. c4 e6 3. Nf3 Bb4+ 4. Bd2 Qe7 5. g3 O-O 6. Bg2 Bxd2+ 7. Qxd2 d6 8.
O-O Nbd7 9. Nc3 c6 10. e4 e5 11. h3 a5 12. Rfe1 Re8 13. Rad1 Nf8 14. Nh4 Ne6
15. Nf5 Qf8 16. d5 cxd5 17. Nxd5 Nxd5 18. Qxd5 Rd8 19. Nxd6 Ra6 20. c5 Rc6 21.
Rc1 Nxc5 22. Rxc5 Rdxd6 23. Qc4 Qd8 24. Rxc6 Rxc6 25. Qb5 f6 26. Qd5+ Qxd5 27.
exd5 Rc2 28. f4 exf4 29. gxf4 Kf7 30. d6 Be6 31. Bxb7 Rxb2 32. Bc6 Rd2 33. Be8+
1/2-1/2

[Event "Pribina - TPK Cup   Mistrovství ÈR junio"]
[Site "Havlíèkùv Brod - hotel Slunce"]
[Date "2012.11.26"]
[Round "2.4"]
[White "Pospíšil, Martin"]
[Black "Baláèek, Tadeáš"]
[Result "0-1"]
[WhiteElo "2007"]
[BlackElo "2216"]
[PlyCount "74"]
[EventDate "2012.11.25"]

1. d4 Nf6 2. Nf3 e6 3. g3 d5 4. Bg2 b5 5. a4 b4 6. c4 bxc3 7. bxc3 Ba6 8. Ba3
Bd6 9. Nbd2 Qe7 10. Bxd6 cxd6 11. e3 Nbd7 12. Bf1 Bxf1 13. Kxf1 O-O 14. c4 Rfc8
15. Qe2 Nb6 16. cxd5 Nfxd5 17. a5 Nc3 18. Qd3 Nbd5 19. Nc4 Rc6 20. Kg2 Rac8 21.
Nfd2 f5 22. Rhc1 Ne4 23. Rcb1 Ndc3 24. Nxe4 fxe4 25. Qxc3 Rxc4 26. Qb2 Rc2 27.
Qb7 Qf6 28. Rf1 Qf3+ 29. Kg1 Rf8 30. Qb3 Rxf2 31. Qxe6+ Kh8 32. Rxf2 Qxf2+ 33.
Kh1 Qf3+ 34. Kg1 Qxe3+ 35. Kh1 Qxd4 36. Re1 d5 37. Qe7 Rg8 0-1

[Event "Pribina - TPK Cup   Mistrovství ÈR junio"]
[Site "Havlíèkùv Brod - hotel Slunce"]
[Date "2012.11.26"]
[Round "2.5"]
[White "Krátký, Josef"]
[Black "Seidl, Štìpán"]
[Result "1-0"]
[WhiteElo "1977"]
[BlackElo "2185"]
[PlyCount "121"]
[EventDate "2012.11.25"]

1. Nf3 Nf6 2. g3 g6 3. Bg2 d5 4. d3 Bg7 5. Nbd2 O-O 6. O-O c5 7. e4 e6 8. c3
Nc6 9. Qc2 b5 10. exd5 Nxd5 11. a3 Bb7 12. Ne4 Qe7 13. c4 bxc4 14. dxc4 Nf6 15.
Bg5 h6 16. Nxf6+ Bxf6 17. Bxh6 Rfd8 18. Rad1 Nd4 19. Nxd4 Bxd4 20. Be3 Bxg2 21.
Kxg2 Qb7+ 22. Kg1 e5 23. Rb1 Qf3 24. Rfe1 a5 25. Qe2 Qf5 26. Bxd4 exd4 27. Qe5
Qc2 28. Rec1 Qb3 29. Qxc5 d3 30. Qb5 a4 31. Qxb3 axb3 32. Rc3 Rd4 33. Rd1 d2
34. Rxb3 Kf8 35. Rc3 Rb8 36. b4 Rbd8 37. c5 Ke7 38. b5 Kd7 39. a4 Kc7 40. a5
Rb4 41. b6+ Kc6 42. a6 Ra4 43. a7 Ra2 44. Kg2 Kb7 45. Rb3 Rc2 46. Ra3 Ka8 47.
c6 Rxc6 48. Rxd2 Rcc8 49. Rxd8 Rxd8 50. Kf3 Rd7 51. Rc3 Rd8 52. Rc7 f6 53. Rc6
Rf8 54. Ke4 Kb7 55. Re6 f5+ 56. Kf4 Rh8 57. h4 Rf8 58. Rxg6 Ra8 59. h5 Re8 60.
h6 Rh8 61. h7 1-0

[Event "Pribina - TPK Cup   Mistrovství ÈR junio"]
[Site "Havlíèkùv Brod - hotel Slunce"]
[Date "2012.11.26"]
[Round "2.6"]
[White "Malý, Marek"]
[Black "Franìk, Jan"]
[Result "1-0"]
[WhiteElo "2143"]
[BlackElo "1976"]
[PlyCount "47"]
[EventDate "2012.11.25"]

1. d4 d5 2. Nf3 Nf6 3. c4 c6 4. Nc3 e6 5. Bf4 dxc4 6. e4 g5 7. Bg3 b5 8. Be2
Bb7 9. h4 g4 10. Ne5 h5 11. O-O Nbd7 12. Qc2 Qb6 13. Rad1 Nxe5 14. Bxe5 Rh6 15.
b3 cxb3 16. Qxb3 a6 17. Bf4 O-O-O 18. Bxh6 Bxh6 19. Na4 Qc7 20. Nc5 Nd7 21. Qc3
Rg8 22. g3 Nxc5 23. Qxc5 Be3 24. Kg2 1-0

[Event "Pribina - TPK Cup   Mistrovství ÈR junio"]
[Site "Havlíèkùv Brod - hotel Slunce"]
[Date "2012.11.26"]
[Round "2.7"]
[White "Marek, Matyáš"]
[Black "Rubeš, Jan"]
[Result "1/2-1/2"]
[WhiteElo "1973"]
[BlackElo "2130"]
[PlyCount "58"]
[EventDate "2012.11.25"]

1. e4 c5 2. Nf3 d6 3. d4 cxd4 4. Nxd4 Nf6 5. Nc3 a6 6. Be2 e5 7. Nb3 Be6 8. f4
Qc7 9. g4 h6 10. g5 hxg5 11. fxg5 Nfd7 12. Be3 Nc6 13. Qd2 b5 14. Nd5 Bxd5 15.
Qxd5 Rc8 16. c3 Ne7 17. Qd2 Nb6 18. Bxb6 Qxb6 19. O-O-O Ng6 20. Bg4 Rd8 21.
Rhf1 Be7 22. Kb1 Nf4 23. g6 Nxg6 24. Qd5 Bf6 25. h3 Nf4 26. Rxf4 exf4 27. Nd4
Bxd4 28. cxd4 O-O 29. Rg1 Qa7 1/2-1/2

[Event "Pribina - TPK Cup   Mistrovství ÈR junio"]
[Site "Havlíèkùv Brod - hotel Slunce"]
[Date "2012.11.26"]
[Round "2.8"]
[White "Gabriel, Adam"]
[Black "Walek, Petr"]
[Result "1/2-1/2"]
[WhiteElo "2129"]
[BlackElo "1969"]
[PlyCount "71"]
[EventDate "2012.11.25"]

1. d4 Nf6 2. c4 g6 3. Nc3 Bg7 4. e4 d6 5. f4 O-O 6. Nf3 c5 7. d5 e6 8. dxe6
fxe6 9. Bd3 Nc6 10. O-O Nd4 11. Ne2 Qc7 12. Nexd4 cxd4 13. e5 dxe5 14. Nxe5 Nd7
15. Nxd7 Bxd7 16. Bd2 e5 17. fxe5 Bxe5 18. h3 Rxf1+ 19. Qxf1 Rf8 20. Qe2 Bf4
21. Rf1 Bxd2 22. Rxf8+ Kxf8 23. Qxd2 Qe5 24. b4 Ke7 25. h4 Bg4 26. Qg5+ Qxg5
27. hxg5 Kd6 28. Kf2 Ke5 29. g3 b6 30. Ke1 Bf3 31. Kd2 Bg2 32. Bc2 Bh3 33. Ba4
Be6 34. Kd3 Bf5+ 35. Kd2 Be6 36. Kd3 1/2-1/2

[Event "Pribina - TPK Cup   Mistrovství ÈR junio"]
[Site "Havlíèkùv Brod - hotel Slunce"]
[Date "2012.11.26"]
[Round "2.9"]
[White "Alfimov, Igor"]
[Black "Haman, Jakub"]
[Result "1-0"]
[WhiteElo "1961"]
[BlackElo "2129"]
[PlyCount "97"]
[EventDate "2012.11.25"]

1. d4 Nf6 2. c4 g6 3. Nc3 Bg7 4. e4 d6 5. Nf3 Bg4 6. Be2 Nc6 7. h3 Bxf3 8. Bxf3
e5 9. d5 Nd4 10. Be3 Nd7 11. Nb5 Nxb5 12. cxb5 O-O 13. O-O f5 14. Rc1 Kh8 15.
Qc2 Rc8 16. Qa4 Qh4 17. Rc4 f4 18. Bxa7 h5 19. Qc2 Nf6 20. Rxc7 Rxc7 21. Qxc7
g5 22. Qc3 g4 23. g3 Qg5 24. h4 Qg6 25. Bh1 f3 26. Re1 Qf7 27. Bb6 Bh6 28. a4
Qd7 29. Qd3 Rc8 30. b3 Qh7 31. Be3 Nd7 32. Bxh6 Qxh6 33. Bxf3 Nc5 34. Qc3 gxf3
35. b4 Qg6 36. bxc5 Qg4 37. Qe3 Rxc5 38. Kh2 Rc4 39. Qh6+ Kg8 40. Qxd6 Rxe4 41.
Qb8+ Kg7 42. Qxb7+ Kh8 43. Qb8+ Kg7 44. Qc7+ Kh8 45. Rc1 Re2 46. Qd8+ Qg8 47.
Qf6+ Qg7 48. Rc8+ Kh7 49. Qf5+ 1-0

[Event "Pribina - TPK Cup   Mistrovství ÈR junio"]
[Site "Havlíèkùv Brod - hotel Slunce"]
[Date "2012.11.26"]
[Round "2.10"]
[White "Stachoò, Martin"]
[Black "Svoboda, Matìj"]
[Result "1/2-1/2"]
[WhiteElo "2127"]
[BlackElo "1955"]
[PlyCount "33"]
[EventDate "2012.11.25"]

1. e4 d6 2. d4 Nf6 3. Nc3 g6 4. Nf3 Bg7 5. Bc4 O-O 6. O-O c6 7. a4 Nxe4 8. Nxe4
d5 9. Bd3 dxe4 10. Bxe4 Nd7 11. c3 e5 12. dxe5 Nxe5 13. Nxe5 Bxe5 14. Qc2 Re8
15. g3 Bg4 16. Be3 Qc7 17. Bg2 1/2-1/2

[Event "Pribina - TPK Cup   Mistrovství ÈR junio"]
[Site "Havlíèkùv Brod - hotel Slunce"]
[Date "2012.11.26"]
[Round "2.11"]
[White "Pýcha, Patrik"]
[Black "Toman, Ondøej"]
[Result "1/2-1/2"]
[WhiteElo "1946"]
[BlackElo "2101"]
[PlyCount "141"]
[EventDate "2012.11.25"]

1. e4 c5 2. Nf3 Nc6 3. d4 cxd4 4. Nxd4 e6 5. Nc3 Qc7 6. Ndb5 Qb8 7. Be3 a6 8.
Bb6 axb5 9. Nxb5 Bb4+ 10. c3 Ba5 11. Nc7+ Kf8 12. Nxa8 Qxa8 13. Bc5+ Nge7 14.
b4 Bc7 15. b5 Nd8 16. Qd4 b6 17. Bxb6 e5 18. Qe3 Bxb6 19. Qxb6 Qxe4+ 20. Qe3
Qxe3+ 21. fxe3 Nb7 22. a4 Na5 23. c4 Nf5 24. Ra3 Bb7 25. Kf2 Ke7 26. Bd3 e4 27.
Be2 Rc8 28. Rc1 Rc5 29. Rac3 Nd6 30. Ke1 Nc8 31. Kd2 Nb6 32. R1c2 d6 33. Kc1
Bc8 34. Kb1 Be6 35. Ka2 f5 36. Ka3 Naxc4+ 37. Bxc4 Rxc4 38. Rxc4 Nxc4+ 39. Kb4
d5 40. Rc3 Kd6 41. a5 Kc7 42. Kc5 Nxa5 43. b6+ Kb7 44. Kd6 d4 45. exd4 Bc4 46.
Kc5 f4 47. Ra3 Nc6 48. Kxc4 Kxb6 49. d5 Ne7 50. Rb3+ Kc7 51. Kd4 e3 52. Rb2 g5
53. Ra2 g4 54. g3 f3 55. Kxe3 Nxd5+ 56. Kd4 Kc6 57. Rc2+ Kd6 58. Ke4 Nb4 59.
Rd2+ Ke6 60. Rb2 Nd5 61. Rc2 Ne7 62. Ra2 Nf5 63. Ra6+ Nd6+ 64. Kf4 h5 65. Kg5
f2 66. Ra1 Ne4+ 67. Kxh5 Nd2 68. Kxg4 f1=Q 69. Rxf1 Nxf1 70. h4 Nxg3 71. Kxg3
1/2-1/2

[Event "Pribina - TPK Cup   Mistrovství ÈR junio"]
[Site "Havlíèkùv Brod - hotel Slunce"]
[Date "2012.11.26"]
[Round "2.12"]
[White "Pùlpán, Jakub"]
[Black "Richterová, Nataša"]
[Result "1-0"]
[WhiteElo "2099"]
[BlackElo "1945"]
[PlyCount "75"]
[EventDate "2012.11.25"]

1. e4 e5 2. Nf3 Nf6 3. Nxe5 d6 4. Nf3 Nxe4 5. Nc3 Nxc3 6. dxc3 Be7 7. Be3 Nc6
8. Qd2 Be6 9. a3 a6 10. O-O-O Qd7 11. Kb1 O-O-O 12. Nd4 Bg4 13. f3 Bh5 14. g4
Bg6 15. h4 h6 16. Bh3 Kb8 17. f4 Be4 18. g5 Qe8 19. Rh2 hxg5 20. hxg5 b6 21.
Re1 d5 22. Bf1 Rxh2 23. Qxh2 Kb7 24. Qe2 Nb8 25. Bg2 Bxg2 26. Qxg2 Qd7 27. Bf2
Bc5 28. b4 Bxd4 29. Bxd4 Rg8 30. Re5 Rd8 31. c4 Nc6 32. Rxd5 Qe7 33. b5 axb5
34. cxb5 Qe1+ 35. Kb2 Re8 36. Re5 Rxe5 37. Qxc6+ Kb8 38. Bxe5 1-0

[Event "Pribina - TPK Cup   Mistrovství ÈR junio"]
[Site "Havlíèkùv Brod - hotel Slunce"]
[Date "2012.11.26"]
[Round "2.13"]
[White "Szücs, Matyáš"]
[Black "Výprachtický, David"]
[Result "1/2-1/2"]
[WhiteElo "1934"]
[BlackElo "2092"]
[PlyCount "47"]
[EventDate "2012.11.25"]

1. Nf3 g6 2. d4 Bg7 3. g3 Nf6 4. Bg2 O-O 5. c4 d6 6. Nc3 Nc6 7. e4 Bg4 8. Be3
e5 9. d5 Nd4 10. h3 Bxf3 11. Bxf3 Nd7 12. Bg2 f5 13. Qd2 Nc5 14. O-O Nxe4 15.
Nxe4 fxe4 16. Bxd4 exd4 17. Bxe4 Qf6 18. Rae1 Rae8 19. Qd3 Re7 20. f4 Rfe8 21.
Re2 Kh8 22. h4 a5 23. Rfe1 Bh6 24. Kg2 1/2-1/2

[Event "Pribina - TPK Cup   Mistrovství ÈR junio"]
[Site "Havlíèkùv Brod - hotel Slunce"]
[Date "2012.11.26"]
[Round "2.14"]
[White "Macháò, Jan"]
[Black "Zpìváková, Jana"]
[Result "1-0"]
[WhiteElo "2078"]
[BlackElo "1921"]
[PlyCount "79"]
[EventDate "2012.11.25"]

1. d4 Nf6 2. c4 d6 3. Nc3 g6 4. Nf3 Bg7 5. g3 O-O 6. Bg2 c6 7. O-O Qa5 8. Qc2
Qh5 9. Re1 Rd8 10. b3 Na6 11. Bb2 Bg4 12. Rad1 d5 13. Ba3 Bf5 14. Qb2 Re8 15.
cxd5 Nxd5 16. Nxd5 cxd5 17. Nh4 Bd7 18. Rc1 Bc6 19. Qd2 Qg4 20. e3 Qd7 21. Rc2
Nc7 22. Rec1 Nb5 23. Bb4 Rac8 24. Nf3 f6 25. Ne1 b6 26. Bf1 Nd6 27. Bxd6 Qxd6
28. Ba6 Rc7 29. Nd3 e5 30. Nb4 exd4 31. exd4 Bh6 32. f4 Qe6 33. Rxc6 Rxc6 34.
Rxc6 Qg4 35. Nxd5 Bg7 36. Rc1 f5 37. Bc4 Kh8 38. Re1 Rxe1+ 39. Qxe1 Bxd4+ 40.
Kg2 1-0

[Event "Pribina - TPK Cup   Mistrovství ÈR junio"]
[Site "Havlíèkùv Brod - hotel Slunce"]
[Date "2012.11.26"]
[Round "2.15"]
[White "Krejèí, Martin"]
[Black "Rùžièka, Václav"]
[Result "1-0"]
[WhiteElo "1934"]
[BlackElo "2072"]
[PlyCount "69"]
[EventDate "2012.11.25"]

1. e4 e6 2. d4 c5 3. Nf3 cxd4 4. Nxd4 Nc6 5. Nc3 a6 6. Be2 Nf6 7. O-O Qc7 8.
Be3 Bb4 9. Na4 Nxe4 10. Nxc6 Qxc6 11. Nb6 Rb8 12. Nxc8 Rxc8 13. Qd4 Bf8 14. Bf3
f5 15. Bh5+ Kd8 16. Bf3 Qc5 17. Qd3 Qxc2 18. Bxe4 fxe4 19. Qd4 Qc4 20. Qb6+ Qc7
21. Rac1 Bc5 22. Qxc5 Qxc5 23. Rxc5 Rxc5 24. Bxc5 d5 25. f3 exf3 26. Rxf3 Kd7
27. Bd4 Kd6 28. Re3 Rf8 29. Be5+ Kc5 30. Rc3+ Kb5 31. Bxg7 Rf5 32. Re3 Rg5 33.
Bf6 Rf5 34. Rxe6 Kc4 35. Bc3 1-0

[Event "Pribina - TPK Cup   Mistrovství ÈR junio"]
[Site "Havlíèkùv Brod - hotel Slunce"]
[Date "2012.11.26"]
[Round "2.16"]
[White "Dobeš, Vojtìch"]
[Black "Chromík, Tomáš"]
[Result "1-0"]
[WhiteElo "2055"]
[BlackElo "1889"]
[PlyCount "97"]
[EventDate "2012.11.25"]

1. e4 e6 2. d4 d5 3. Nd2 c5 4. Ngf3 cxd4 5. exd5 Qxd5 6. Bc4 Qd6 7. O-O Nf6 8.
Nb3 Nc6 9. Re1 a6 10. Nbxd4 Nxd4 11. Qxd4 Qxd4 12. Nxd4 Bc5 13. Nf3 b5 14. Bd3
Ng4 15. Re2 Bb7 16. Nd2 Rd8 17. h3 Nf6 18. Nb3 Bb6 19. a4 Bd5 20. Nd2 Bc6 21.
axb5 Bxb5 22. Bxb5+ axb5 23. Ra6 Bc7 24. Nf3 Ke7 25. Ra7 Rd7 26. Be3 Rhd8 27.
Re1 Nd5 28. Nd4 Nxe3 29. fxe3 Bg3 30. Rea1 Rxa7 31. Rxa7+ Kf6 32. Kf1 Rd5 33.
Ke2 Be5 34. Rb7 Rc5 35. Kd3 h5 36. b4 Rd5 37. Rxb5 Rd7 38. c4 Bg3 39. Ke2 Be5
40. Nf3 Bc3 41. Rb8 e5 42. e4 g5 43. g4 hxg4 44. hxg4 Rd6 45. b5 Bb4 46. Rc8
Rb6 47. Ne1 Rd6 48. Nd3 Bc3 49. Ra8 1-0

[Event "Pribina - TPK Cup   Mistrovství ÈR junio"]
[Site "Havlíèkùv Brod - hotel Slunce"]
[Date "2012.11.26"]
[Round "2.17"]
[White "Johnová, Eliška"]
[Black "Kozel, Jiøí"]
[Result "0-1"]
[WhiteElo "1848"]
[BlackElo "2051"]
[PlyCount "56"]
[EventDate "2012.11.25"]

1. e4 c5 2. Nc3 Nc6 3. g3 d6 4. Bg2 g6 5. d3 Bg7 6. Be3 e6 7. Qd2 Rb8 8. Nge2
Nd4 9. Nd1 b5 10. c3 Nxe2 11. Qxe2 b4 12. O-O Ne7 13. h4 Qa5 14. Qd2 bxc3 15.
bxc3 Ba6 16. g4 h5 17. g5 O-O 18. Re1 d5 19. Bf4 Rbd8 20. Rb1 dxe4 21. Bxe4 Nf5
22. Rb3 Nxh4 23. Qe2 c4 24. dxc4 Rfe8 25. Bd3 Rf8 26. Rb4 Bxc3 27. Nxc3 Qxb4
28. Bd2 Qd6 0-1

[Event "Pribina - TPK Cup   Mistrovství ÈR junio"]
[Site "Havlíèkùv Brod - hotel Slunce"]
[Date "2012.11.26"]
[Round "2.18"]
[White "Kaòáková, Natálie"]
[Black "Hošek, Martin"]
[Result "0-1"]
[WhiteElo "1654"]
[BlackElo "2027"]
[PlyCount "33"]
[EventDate "2012.11.25"]

1. e4 c5 2. Nf3 d6 3. d4 cxd4 4. Nxd4 Nf6 5. Nc3 e6 6. Be3 Be7 7. Be2 a6 8. f4
Nc6 9. O-O O-O 10. Kh1 Bd7 11. Qe1 b5 12. Bf3 Re8 13. Rd1 Qc7 14. Qg3 b4 15.
Nce2 e5 16. fxe5 dxe5 17. Nf5 0-1

[Event "Pribina - TPK Cup   Mistrovství ÈR junio"]
[Site "Havlíèkùv Brod - hotel Slunce"]
[Date "2012.11.26"]
[Round "2.19"]
[White "Bobek, Daniel"]
[Black "Stárek, Stanislav"]
[Result "0-1"]
[WhiteElo "1629"]
[BlackElo "2013"]
[PlyCount "41"]
[EventDate "2012.11.25"]

1. e4 c5 2. Nf3 e6 3. d4 cxd4 4. Nxd4 Nf6 5. Nc3 a6 6. a3 d6 7. Be2 Be7 8. O-O
Qc7 9. Be3 O-O 10. f4 b5 11. f5 e5 12. Nb3 Bb7 13. Bf3 Nbd7 14. Qe2 Rac8 15. g4
d5 16. exd5 e4 17. Bh1 Nxd5 18. Nxd5 Bxd5 19. Rf2 Bh4 20. Rg2 Ne5 21. Rg3 0-1

[Event "Pribina - TPK Cup   Mistrovství ÈR junio"]
[Site "Havlíèkùv Brod - hotel Slunce"]
[Date "2012.11.26"]
[Round "2.21"]
[White "Šlampa, Jan"]
[Black "Nosek, Jan"]
[Result "1-0"]
[WhiteElo "2024"]
[BlackElo "1706"]
[PlyCount "141"]
[EventDate "2012.11.25"]

1. e4 e5 2. Nf3 Nc6 3. Bb5 a6 4. Ba4 Nf6 5. O-O b5 6. Bb3 Be7 7. Re1 O-O 8. c3
d5 9. exd5 Nxd5 10. d4 exd4 11. Nxd4 Nxd4 12. Qxd4 Bb7 13. Bxd5 Bxd5 14. Bf4
Bd6 15. Nd2 c5 16. Qxd5 Bxf4 17. Qxd8 Raxd8 18. Ne4 c4 19. g3 Bb8 20. a4 Rfe8
21. Kf1 Kf8 22. axb5 axb5 23. Ra5 Rd5 24. f4 h6 25. Ra8 f5 26. Nd6 Rd8 27. Nb7
Rc8 28. Na5 Rdc5 29. Rd1 Ke7 30. Nb7 R5c6 31. Rd5 Rb6 32. Nc5 g6 33. Ra1 Rcc6
34. Re1+ Kf7 35. Rd7+ Kf6 36. Rd5 Kf7 37. Nd7 Rb7 38. Nxb8 Rxb8 39. Rd7+ Kf6
40. Ree7 Rg8 41. Rh7 h5 42. Rde7 g5 43. Rb7 gxf4 44. gxf4 Kg6 45. Rhd7 Re8 46.
Rd4 Re3 47. Rxb5 Rce6 48. Re5 R6xe5 49. fxe5 Rxe5 50. Rxc4 Rb5 51. b4 Kg5 52.
Kf2 h4 53. Kf3 Rb8 54. Rd4 Rb7 55. Rd5 Rb8 56. b5 Rb7 57. c4 Rb6 58. Rc5 Rd6
59. Rd5 Rb6 60. Rd2 Rb7 61. Rb2 Kf6 62. c5 Ke6 63. c6 Rb6 64. Kf4 h3 65. Rb1
Rb8 66. c7 Rg8 67. Rd1 Rg4+ 68. Kf3 Rc4 69. b6 Rc3+ 70. Ke2 Rc2+ 71. Rd2 1-0

[Event "Pribina - TPK Cup   Mistrovství ÈR junio"]
[Site "Havlíèkùv Brod - hotel Slunce"]
[Date "2012.11.26"]
[Round "2.22"]
[White "Kratochvíl, Vít"]
[Black "Zemková, Klára"]
[Result "1-0"]
[WhiteElo "1944"]
[BlackElo "1702"]
[PlyCount "75"]
[EventDate "2012.11.25"]

1. e4 e6 2. d3 d5 3. Nd2 Nf6 4. Ngf3 Be7 5. g3 b5 6. Bg2 c5 7. O-O a5 8. Re1
Nc6 9. e5 Nd7 10. Nf1 b4 11. h4 Ba6 12. Bf4 Qb6 13. Ne3 Nf8 14. h5 h6 15. c4 d4
16. Nf1 O-O-O 17. Qa4 Kc7 18. a3 Rb8 19. N3d2 Bb7 20. axb4 Nxb4 21. Bxb7 Rxb7
22. Ra3 Nd7 23. Rea1 Ra8 24. Qd1 Nc6 25. Rb3 Qa6 26. Qe2 Rxb3 27. Nxb3 Qb6 28.
Nc1 Rb8 29. b3 Kc8 30. Nd2 Bd8 31. Qg4 Ncxe5 32. Qxg7 Bf6 33. Qxh6 Kb7 34. Bxe5
Bxe5 35. Qh7 Qc7 36. Qe4+ Ka6 37. f4 Nf6 38. Qxe5 1-0

[Event "Pribina - TPK Cup   Mistrovství ÈR junio"]
[Site "Havlíèkùv Brod - hotel Slunce"]
[Date "2012.11.26"]
[Round "2.24"]
[White "Rabatin, Jakub"]
[Black "Macková, Veronika"]
[Result "1-0"]
[WhiteElo "2209"]
[BlackElo "1724"]
[PlyCount "45"]
[EventDate "2012.11.25"]

1. e4 c5 2. Nf3 d6 3. d4 cxd4 4. Nxd4 Nf6 5. Nc3 a6 6. Be3 e5 7. Nb3 Be7 8. f3
Be6 9. Qd2 O-O 10. O-O-O Nbd7 11. g4 b5 12. g5 b4 13. Ne2 Ne8 14. f4 Bxb3 15.
cxb3 exf4 16. Bxf4 Nc5 17. Bg2 Rc8 18. Kb1 Ne6 19. h4 Nxf4 20. Nxf4 a5 21. Nd5
f6 22. g6 h6 23. Ne3 1-0

[Event "Pribina - TPK Cup   Mistrovství ÈR junio"]
[Site "Havlíèkùv Brod - hotel Slunce"]
[Date "2012.11.26"]
[Round "2.25"]
[White "Fusková, Martina"]
[Black "Maøíková, Jana"]
[Result "1/2-1/2"]
[WhiteElo "1716"]
[BlackElo "2002"]
[PlyCount "65"]
[EventDate "2012.11.25"]

1. e4 c5 2. Nf3 d6 3. d4 cxd4 4. Nxd4 Nf6 5. Nc3 a6 6. Be3 e5 7. Nb3 Be6 8. f3
Be7 9. Qd2 O-O 10. g4 b5 11. h4 Nbd7 12. Ne2 d5 13. Ng3 dxe4 14. g5 Nd5 15.
Nxe4 Rc8 16. Bd3 Qc7 17. O-O-O Nb4 18. Kb1 Rfd8 19. Qf2 Bc4 20. Bxc4 Qxc4 21.
Nc3 Qe6 22. a3 Nc6 23. Nd5 b4 24. a4 f5 25. gxf6 Nxf6 26. Nxe7+ Nxe7 27. Rhg1
Ned5 28. Bg5 Rd6 29. Rd2 Rcd8 30. Rgd1 Ne7 31. Nc5 Rxd2 32. Rxd2 Rxd2 33. Qxd2
1/2-1/2

[Event "Pribina - TPK Cup   Mistrovství ÈR junio"]
[Site "Havlíèkùv Brod - hotel Slunce"]
[Date "2012.11.26"]
[Round "2.26"]
[White "Zezula, Rudolf"]
[Black "Skoøepa, Jakub"]
[Result "1-0"]
[WhiteElo "1995"]
[BlackElo "1702"]
[PlyCount "47"]
[EventDate "2012.11.25"]

1. e4 c6 2. d4 d5 3. exd5 cxd5 4. Bd3 Nc6 5. c3 Nf6 6. Bf4 e6 7. Nf3 Bd6 8. Bg3
O-O 9. Nbd2 Qc7 10. Qe2 b6 11. Ne5 Bb7 12. O-O Nd7 13. f4 Rae8 14. Rae1 f6 15.
Qh5 f5 16. Bh4 Ndxe5 17. fxe5 Be7 18. Bf2 Qc8 19. Re3 g6 20. Rg3 Ba6 21. Bxa6
Qxa6 22. Be3 Rf7 23. Rxg6+ hxg6 24. Qxg6+ 1-0

[Event "Pribina - TPK Cup   Mistrovství ÈR junio"]
[Site "Havlíèkùv Brod - hotel Slunce"]
[Date "2012.11.26"]
[Round "2.27"]
[White "Hánl, František"]
[Black "Babièka, Michal"]
[Result "1-0"]
[WhiteElo "1917"]
[BlackElo "1700"]
[PlyCount "60"]
[EventDate "2012.11.25"]

1. e4 c5 2. Nf3 Nc6 3. d4 cxd4 4. Nxd4 e5 5. Nb5 d6 6. N1c3 a6 7. Na3 b5 8. Nd5
h6 9. Bd3 Nf6 10. Nxf6+ Qxf6 11. O-O Be7 12. c4 b4 13. Nc2 Rb8 14. Ne3 O-O 15.
Nd5 Qg6 16. Kh1 Re8 17. Qa4 Bb7 18. f4 exf4 19. Bxf4 Ne5 20. Bxe5 dxe5 21. Rf5
Bc5 22. Raf1 f6 23. Be2 Red8 24. Qa5 Bxd5 25. exd5 Bd4 26. b3 Qf7 27. Bg4 Qe7
28. R5f3 Kh8 29. Be6 Rd6 30. c5 Rdd8 1-0

[Event "Pribina - TPK Cup   Mistrovství ÈR junio"]
[Site "Havlíèkùv Brod - hotel Slunce"]
[Date "2012.11.26"]
[Round "2.28"]
[White "Jurèa, Marek"]
[Black "Liduch, Filip"]
[Result "0-1"]
[WhiteElo "1893"]
[BlackElo "1697"]
[PlyCount "49"]
[EventDate "2012.11.25"]

1. e4 e5 2. Nf3 Nc6 3. Bb5 a6 4. Ba4 Nf6 5. O-O Be7 6. Re1 b5 7. Bb3 O-O 8. c3
d5 9. exd5 Nxd5 10. Nxe5 Nxe5 11. Rxe5 c6 12. d4 Bd6 13. Re1 Qh4 14. g3 Qh3 15.
Re4 g5 16. Qf1 Qh5 17. Qd1 g4 18. Bc2 f5 19. Re5 Bxe5 20. dxe5 Be6 21. Bf4 Nxf4
22. gxf4 Rad8 23. Qe2 Bd5 24. Bb3 Qh6 25. Qe3 0-1

[Event "Pribina - TPK Cup   Mistrovství ÈR junio"]
[Site "Havlíèkùv Brod - hotel Slunce"]
[Date "2012.11.26"]
[Round "2.29"]
[White "Sabolová, Kristýna"]
[Black "Kuchaø, Tomáš"]
[Result "0-1"]
[WhiteElo "1883"]
[BlackElo "1697"]
[PlyCount "90"]
[EventDate "2012.11.25"]

1. d4 Nf6 2. Nf3 g6 3. g3 Bg7 4. Bg2 d5 5. O-O O-O 6. Nbd2 Nc6 7. Re1 Ne4 8. c3
f5 9. e3 b6 10. c4 Bb7 11. a3 e5 12. cxd5 Qxd5 13. Ng5 exd4 14. Ngxe4 fxe4 15.
Nxe4 Qf5 16. f4 Rad8 17. Qb3+ Kh8 18. Ng5 Na5 19. Qe6 Bxg2 20. Kxg2 d3 21. Rd1
h6 22. Qxf5 Rxf5 23. Ne6 Rd6 24. e4 Rf7 25. Nxg7 Kxg7 26. Bd2 Nb3 27. Rab1 Rfd7
28. Kf2 c5 29. Ke3 Kf7 30. Rf1 a5 31. Rbd1 b5 32. Bc3 c4 33. Rf2 Rb6 34. h3 b4
35. axb4 axb4 36. Be1 Ra7 37. g4 Ra1 38. Rxa1 Nxa1 39. Bd2 Nc2+ 40. Kf3 Rc6 41.
e5 c3 42. bxc3 bxc3 43. Be3 Nxe3 44. Kxe3 c2 45. Rf1 c1=Q+ 0-1